000 00686nam a2200289Ia 4500
005 20260324115445.0
008 008 260324s9999 xx 000 0 eng d
020 _a9781032681535
037 _aEBOOK
040 _aCRL
040 _beng
040 _cCRL
041 _2eng
041 _aeng
084 _qCRL
100 _aCatherine Fraser
_91154739
245 0 _aLove the Questions
245 0 _bReclaiming Research with Curiosity and Passion
260 _bTaylor and Francis
260 _c2018
365 _a
365 _b120
856 _uhttp://www.taylorfrancis.com/books/9781032681535
942 _cEBOOK
999 _c1745629
_d1745629